[Event "Irish Championship 2009"]
[Site "Dublin IRL"]
[Date "2009.07.07"]
[Round "4"]
[White "Redmond, John P."]
[Black "Delaney, John"]
[Result "0-1"]
[BlackTitle "FM"]
[WhiteElo "2193"]
[BlackElo "2227"]
[BlackICU "2236"]
[WhiteClub "Atticus ENG"]
[BlackClub "Rathmines"]
[WhiteNationality "IRL"]
[BlackNationality "IRL"]
[WhiteFideId "2500051"]
[BlackFideId "2500060"]
[PlyCount "70"]
[EventDate "2009.07.04"]

{ Event information: <a
href="https://www.irlchess.com/irlch2009_allfiles/pairings_irlch2009.html">Tournament
report</a>. }

1. c4 e5 2. Nc3 Bb4 3. Nd5 Bd6 4. Nf3 e4 5. Nd4 Be5 6. e3 c6 7. Nc3 Nf6 8.
d3 d5 9. dxe4 dxe4 10. Qc2 O-O 11. Be2 Bxd4 12. exd4 Qxd4 13. Be3 Qe5 14.
O-O-O Bf5 15. h3 Na6 16. g4 Bg6 17. h4 Nb4 18. Qb3 Nd3+ 19. Bxd3 exd3 20.
h5 Be4 21. Nxe4 Qxe4 22. h6 Rfd8 23. Qc3 b5 24. b3 bxc4 25. g5 Ne8 26. hxg7
cxb3 27. axb3 Nc7 28. Rh6 Nb5 29. Qc4 Qe5 30. Rxd3 Na3 31. Qc3 Qe4 32.
Rxd8+ Rxd8 33. Kb2 Nb5 34. Qf6 Qd3 35. Rxh7 Qe2+ 0-1

[Event "Irish Championship 2009"]
[Site "Dublin IRL"]
[Date "2009.07.07"]
[Round "4"]
[White "Short, Philip"]
[Black "Brady, Stephen"]
[Result "0-1"]
[WhiteTitle "FM"]
[BlackTitle "FM"]
[WhiteElo "2309"]
[BlackElo "2384"]
[WhiteICU "2265"]
[BlackICU "2363"]
[BlackClub "Phibsboro"]
[WhiteNationality "IRL"]
[BlackNationality "IRL"]
[WhiteFideId "2500086"]
[BlackFideId "2500124"]
[PlyCount "65"]
[EventDate "2009.07.04"]

{ Annotator: Colm Daly, irishchesschampionships.com, Round 4
(http://irishchesschampionships.com/2009/report4.html: dead link as of
August 30, 2014). } { Event information: <a
href="https://www.irlchess.com/irlch2009_allfiles/pairings_irlch2009.html">Tournament
report</a>. }

1. d4 e6 2. c4 Nf6 3. Nf3 b6 4. Qc2 Bb7 5. Nc3 c5 6. e4 cxd4 7. Nxd4 Bc5 8.
Nb3 Nc6 9. Bd3 O-O 10. O-O Rc8 11. Qe2 e5 12. Be3 d6 13. Rad1 Ne8 14. Nd5
Nc7 15. Nxc7 Rxc7 16. Nd2 Re8 17. Nb1 Re6 18. Nc3 Rd7 19. Nd5 Rg6 20. Bc2
Nd4 21. Bxd4 Bxd4 22. Ba4 Qg5 23. g3 Rd8 24. Kg2 Bc8 25. Qd2 Qh4 26. Kh1
Bh3 27. Rfe1 Bg4 28. Qd3 Qh5 29. Ne7+ Kf8 30. Nxg6+ hxg6 31. Rd2 Bf3+ 32.
Kg1 Ke7 33. Bd1 0-1

[Event "Irish Championship 2009"]
[Site "Dublin IRL"]
[Date "2009.07.08"]
[Round "5"]
[White "Duffy, Seamus"]
[Black "Benson, Oisin P."]
[Result "1/2-1/2"]
[WhiteElo "2078"]
[BlackElo "1967"]
[WhiteICU "1891"]
[BlackICU "1999"]
[WhiteClub "Wicklow"]
[BlackClub "St. Benildus"]
[WhiteNationality "IRL"]
[BlackNationality "IRL"]
[WhiteFideId "2501708"]
[BlackFideId "2501821"]
[PlyCount "75"]
[EventDate "2009.07.04"]
[WhiteFullName "Duffy, S&eacute;amus"]
[BlackFullName "Benson, Ois&iacute;n P."]

{ Event information: <a
href="https://www.irlchess.com/irlch2009_allfiles/pairings_irlch2009.html">Tournament
report</a>. }

1. f4 Nf6 2. b3 d5 3. Nf3 g6 4. Bb2 Bg7 5. e3 O-O 6. Be2 c5 7. O-O Nc6 8.
Ne5 d4 9. Nxc6 bxc6 10. exd4 cxd4 11. Bf3 Nd5 12. Bxd5 Qxd5 13. d3 Bb7 14.
Nd2 c5 15. Qf3 Qd7 16. Qf2 Bh6 17. Qh4 Bg7 18. Rae1 Qc6 19. Rf2 Rae8 20.
Nf3 Ba8 21. a4 h5 22. Ba3 Bf6 23. Qg3 Qd5 24. Ne5 Rc8 25. Bc1 e6 26. Nxg6
fxg6 27. Qxg6+ Bg7 28. Re5 Rf6 29. Qxh5 Qc6 30. Ba3 Rf5 31. Rxf5 exf5 32.
Qxf5 Re8 33. h3 Re1+ 34. Kh2 Rf1 35. Re2 Re1 36. Qg4 Rxe2 37. Qxe2 Bh6 38.
Bc1 1/2-1/2

[Event "Irish Championship 2009"]
[Site "Dublin IRL"]
[Date "2009.07.08"]
[Round "5"]
[White "Babei, Angelica"]
[Black "Cafolla, Peter"]
[Result "1/2-1/2"]
[WhiteElo "2015"]
[BlackElo "2046"]
[BlackICU "2036"]
[BlackClub "Rathmines"]
[WhiteNationality "MDA"]
[BlackNationality "IRL"]
[WhiteFideId "13902598"]
[BlackFideId "2500884"]
[PlyCount "63"]
[EventDate "2009.07.04"]

{ Event information: <a
href="https://www.irlchess.com/irlch2009_allfiles/pairings_irlch2009.html">Tournament
report</a>. }

1. e4 c5 2. Nc3 a6 3. a4 b6 4. f4 Bb7 5. Nf3 e6 6. d3 d5 7. e5 Be7 8. g3 h5
9. h3 Nh6 10. Bg2 Nf5 11. Kf2 Nc6 12. Re1 Qc7 13. Nb1 b5 14. axb5 axb5 15.
Rxa8+ Bxa8 16. c3 Bb7 17. Na3 Qb6 18. Nc2 c4+ 19. d4 h4 20. g4 Ng3 21. Ng5
O-O 22. Qf3 b4 23. f5 Bxg5 24. Bxg5 Ne4+ 25. Rxe4 dxe4 26. Qe3 bxc3 27.
bxc3 Ra8 28. f6 Ra2 29. Bxe4 Nxe5 30. dxe5 Qxe3+ 31. Kxe3 Bxe4 32. Nb4
1/2-1/2

[Event "Irish Championship 2009"]
[Site "Dublin IRL"]
[Date "2009.07.08"]
[Round "5"]
[White "Delaney, John"]
[Black "Short, Philip"]
[Result "1/2-1/2"]
[WhiteTitle "FM"]
[BlackTitle "FM"]
[WhiteElo "2227"]
[BlackElo "2309"]
[WhiteICU "2236"]
[BlackICU "2265"]
[WhiteClub "Rathmines"]
[WhiteNationality "IRL"]
[BlackNationality "IRL"]
[WhiteFideId "2500060"]
[BlackFideId "2500086"]
[PlyCount "99"]
[EventDate "2009.07.04"]

{ Annotator: John Delaney, <a href="../icj_1012.pdf#page=11"><em>Irish
Chess Journal</em>, December 2010, pp. 11-12</a>. } { Event information: <a
href="https://www.irlchess.com/irlch2009_allfiles/pairings_irlch2009.html">Tournament
report</a>. }

1. e4 e6 2. d4 d5 3. Nc3 Bb4 4. e5 b6 5. Qg4 Bf8 6. Bg5 Qd7 7. Nf3 Ba6 8.
Bxa6 Nxa6 9. O-O h6 10. Bd2 Ne7 11. h4 c6 12. Nd1 Nc7 13. a4 O-O-O 14. a5
b5 15. Qf4 Nf5 16. Ne3 g5 17. Qg4 h5 18. Qxg5 Bh6 19. Nxf5 Bxg5 20. Nd6+
Kb8 21. Bxg5 Rdf8 22. Bf6 Rhg8 23. Ng5 Rg6 24. Nh7 Rc8 25. Bg5 Ne8 26. Nf8
Qc7 27. Nxg6 fxg6 28. Nxc8 Kxc8 29. Rfe1 Ng7 30. Re3 Nf5 31. Rf3 c5 32. c3
Kb7 33. b4 cxd4 34. a6+ Kb6 35. cxd4 Qc4 36. Rxf5 gxf5 37. Be7 Qc3 38. Bc5+
Kc7 39. Ra5 Qe1+ 40. Kh2 Qxf2 41. Rxb5 f4 42. Rb7+ Kc8 43. Rf7 Qxh4+ 44.
Kg1 Qe1+ 45. Kh2 Qg3+ 46. Kg1 h4 47. Rf8+ Kd7 48. Rf7+ Ke8 49. Rf8+ Kd7 50.
Rf7+ 1/2-1/2

[Event "Irish Championship 2009"]
[Site "Dublin IRL"]
[Date "2009.07.08"]
[Round "5"]
[White "Fairbairn, Stephen"]
[Black "O'Connell, Gerard"]
[Result "0-1"]
[WhiteElo "2073"]
[BlackElo "2121"]
[BlackICU "2119"]
[BlackClub "St. Benildus"]
[WhiteNationality "CAN"]
[BlackNationality "IRL"]
[WhiteFideId "2603985"]
[BlackFideId "2500493"]
[PlyCount "78"]
[EventDate "2009.07.04"]

{ Event information: <a
href="https://www.irlchess.com/irlch2009_allfiles/pairings_irlch2009.html">Tournament
report</a>. }

1. e4 c5 2. Nc3 Nc6 3. g3 g6 4. Bg2 Bg7 5. d3 e6 6. Nh3 d6 7. O-O Nge7 8.
Be3 O-O 9. Qd2 Rb8 10. Bh6 b5 11. Bxg7 Kxg7 12. Nd1 e5 13. f4 f6 14. Ne3
Qa5 15. Qxa5 Nxa5 16. fxe5 dxe5 17. Nf2 Rd8 18. Bf3 Nac6 19. Bg4 Nd4 20.
Bxc8 Rbxc8 21. Nfd1 c4 22. dxc4 bxc4 23. Rf2 Ne6 24. Nc3 Ng5 25. Kg2 Rd4
26. Ng4 Ng8 27. Re2 Rcd8 28. h4 Ne6 29. Nd5 Nc5 30. Nc3 h5 31. Nf2 a6 32.
Kf3 Ne7 33. Ke3 f5 34. Kf3 Nc6 35. Kg2 Rd2 36. Rae1 Nb4 37. Rxd2 Rxd2 38.
exf5 Nxc2 39. Rxe5 Rxf2+ 0-1

[Event "Irish Championship 2009"]
[Site "Dublin IRL"]
[Date "2009.07.08"]
[Round "5"]
[White "Fitzsimons, David"]
[Black "Hegarty, Sarah N."]
[Result "1-0"]
[WhiteElo "2167"]
[BlackElo "2098"]
[WhiteICU "2183"]
[WhiteClub "Elm Mount"]
[WhiteNationality "IRL"]
[BlackNationality "ENG"]
[WhiteFideId "2501961"]
[BlackFideId "2501465"]
[PlyCount "69"]
[EventDate "2009.07.04"]

{ Event information: <a
href="https://www.irlchess.com/irlch2009_allfiles/pairings_irlch2009.html">Tournament
report</a>. }

1. e4 c5 2. Nf3 Nc6 3. Bb5 g6 4. O-O Bg7 5. c3 e5 6. d4 cxd4 7. cxd4 exd4
8. Bf4 a6 9. Bc4 d6 10. Nbd2 Nf6 11. Re1 O-O 12. Nb3 Nh5 13. Bg5 Qb6 14.
Bd5 Bg4 15. h3 Bxf3 16. Qxf3 h6 17. Bd2 a5 18. a4 Ne5 19. Qd1 Nd7 20. Rc1
Nc5 21. Nxa5 Rxa5 22. b4 Ra7 23. a5 Qb5 24. bxc5 dxc5 25. Qc2 Rc8 26. e5 d3
27. Qa2 Qd7 28. e6 Qd8 29. e7 Qe8 30. Rxc5 Rb8 31. Bxf7+ Qxf7 32. e8=Q+
Rxe8 33. Rxe8+ Bf8 34. Rxf8+ Kxf8 35. Bxh6+ 1-0

[Event "Irish Championship 2009"]
[Site "Dublin IRL"]
[Date "2009.07.08"]
[Round "5"]
[White "Loughran, John"]
[Black "Fox, Anthony"]
[Result "0-1"]
[WhiteElo "1939"]
[BlackElo "2086"]
[WhiteICU "1675"]
[BlackICU "2096"]
[WhiteClub "Elm Mount"]
[BlackClub "Dun Laoghaire"]
[WhiteNationality "IRL"]
[BlackNationality "IRL"]
[WhiteFideId "2501562"]
[BlackFideId "2500736"]
[PlyCount "116"]
[EventDate "2009.07.04"]

{ Event information: <a
href="https://www.irlchess.com/irlch2009_allfiles/pairings_irlch2009.html">Tournament
report</a>. }

1. d4 Nf6 2. c4 e6 3. Nf3 d5 4. Bg5 Be7 5. e3 O-O 6. cxd5 exd5 7. Nc3 c6 8.
Bd3 Nbd7 9. Qc2 Re8 10. O-O Nf8 11. Rab1 Be6 12. b4 a6 13. a4 N6d7 14. Bf4
Rc8 15. Rfc1 Ng6 16. Bg3 Ngf8 17. Qb3 Nb6 18. b5 cxb5 19. axb5 a5 20. Na4
Nxa4 21. Qxa4 Bb4 22. Qb3 h6 23. Ne5 Qb6 24. Rc2 Rxc2 25. Qxc2 Rc8 26. Qe2
Nd7 27. f4 Nxe5 28. fxe5 Qc7 29. Be1 Bxe1 30. Rxe1 Qc3 31. h3 b6 32. Kh2 a4
33. Rd1 a3 34. Rd2 Qb4 35. Ra2 Rc3 36. Qd2 Qb3 37. Bf1 Rxe3 38. Be2 Bf5 39.
Bg4 Bb1 40. Qc1 Rc3 41. Qf4 Qxa2 42. e6 fxe6 43. Bxe6+ Kh7 44. Qf8 Rf3 45.
Qg8+ Kg6 46. Qe8+ Kg5 47. Qe7+ Kf4 48. Qf6+ Ke3 49. Qxf3+ Kxd4 50. Qd1+ Kc5
51. Qc1+ Kxb5 52. Qc3 Qc4 53. Bd7+ Kc5 54. Qxa3+ Qb4 55. Qe3+ Kc4 56. Qc1+
Kd4 57. Qd1+ Ke5 58. Qf3 Qf4+ 0-1

[Event "Irish Championship 2009"]
[Site "Dublin IRL"]
[Date "2009.07.08"]
[Round "5"]
[White "MacElligott, Gerard"]
[Black "Boyle, Bernard"]
[Result "1-0"]
[WhiteElo "2115"]
[BlackElo "1936"]
[WhiteICU "1963"]
[BlackICU "1774"]
[WhiteClub "Elm Mount"]
[BlackClub "Elm Mount"]
[WhiteNationality "IRL"]
[BlackNationality "IRL"]
[WhiteFideId "2500647"]
[BlackFideId "2501830"]
[PlyCount "67"]
[EventDate "2009.07.04"]

{ Event information: <a
href="https://www.irlchess.com/irlch2009_allfiles/pairings_irlch2009.html">Tournament
report</a>. }

1. Nf3 Nf6 2. g3 d5 3. Bg2 Bg4 4. O-O Nbd7 5. d3 e5 6. c4 c6 7. h3 Bh5 8.
cxd5 Nxd5 9. Nc3 f6 10. d4 Nxc3 11. bxc3 e4 12. Nh4 Qa5 13. Bxe4 Qxc3 14.
Be3 Ba3 15. Nf5 O-O 16. Rb1 Rfe8 17. Rb3 Qa5 18. Qd3 Bxe2 19. Qxe2 Rxe4 20.
Nxg7 Kxg7 21. Bh6+ Kxh6 22. Qxe4 Bd6 23. Rxb7 Rd8 24. Qe6 Qd5 25. Qg4 f5
26. Qh4+ Kg6 27. Qxd8 Nf6 28. Qh8 Qxd4 29. Qg7+ Kh5 30. Rb3 Be5 31. Re1 h6
32. Qf7+ Kg5 33. Kg2 Ne4 34. h4+ 1-0

[Event "Irish Championship 2009"]
[Site "Dublin IRL"]
[Date "2009.07.08"]
[Round "5"]
[White "O'Leary, Matt"]
[Black "Doyle, Hugh"]
[Result "0-1"]
[WhiteElo "2053"]
[BlackElo "1910"]
[BlackICU "1931"]
[BlackClub "Cork"]
[WhiteNationality "IRL"]
[BlackNationality "IRL"]
[WhiteFideId "2501970"]
[BlackFideId "2500876"]
[PlyCount "52"]
[EventDate "2009.07.04"]

{ Event information: <a
href="https://www.irlchess.com/irlch2009_allfiles/pairings_irlch2009.html">Tournament
report</a>. }

1. d4 Nf6 2. Nf3 g6 3. e3 Bg7 4. b3 c5 5. c3 Qa5 6. Bb2 cxd4 7. exd4 d5 8.
Bd3 O-O 9. O-O Bf5 10. Bxf5 gxf5 11. Qd3 e6 12. Nbd2 Nbd7 13. Ne5 Nxe5 14.
dxe5 Ne4 15. Nf3 Rac8 16. c4 dxc4 17. bxc4 Rfd8 18. Qb3 Qc5 19. Rac1 Rc6
20. Ba3 Qb6 21. Rc2 Qa6 22. c5 Rd3 23. Qb2 Rxa3 24. Rd1 Rd3 25. Rb1 Rxc5
26. Rbc1 Qb6 0-1

[Event "Irish Championship 2009"]
[Site "Dublin IRL"]
[Date "2009.07.08"]
[Round "5"]
[White "Quinn, Ciaran"]
[Black "Murray, David"]
[Result "1-0"]
[WhiteElo "2133"]
[BlackElo "1981"]
[WhiteICU "1865"]
[BlackICU "2032"]
[WhiteClub "Elm Mount"]
[BlackClub "Gonzaga"]
[WhiteNationality "IRL"]
[BlackNationality "IRL"]
[WhiteFideId "2500817"]
[BlackFideId "2501511"]
[PlyCount "65"]
[EventDate "2009.07.04"]
[WhiteFullName "Quinn, Ciar&aacute;n"]

{ Annotator: David Murray (see source). } { Source: <a
href="https://forumserver.twoplustwo.com/showpost.php?p=11736362&postcount=20">Post
by David Murray</a>, Two Plus Two Poker Forums web site, July 8, 2009. } {
Event information: <a
href="https://www.irlchess.com/irlch2009_allfiles/pairings_irlch2009.html">Tournament
report</a>. }

1. d4 Nf6 2. c4 g6 3. Nc3 d5 4. Nf3 Bg7 5. Bg5 Ne4 6. Bh4 Nxc3 7. bxc3 dxc4
8. e3 Be6 9. Nd2 b5 10. a4 c6 11. Qb1 a6 12. Be2 Nd7 13. Bf3 Nb6 14. Bxc6+
Bd7 15. Bxa8 Qxa8 16. axb5 Qxg2 17. Qe4 Qxe4 18. Nxe4 Bxb5 19. Nc5 e5 20.
Nxa6 O-O 21. O-O Nd5 22. Rfc1 exd4 23. cxd4 c3 24. Ra5 Bc4 25. Nc7 Nb6 26.
Rxc3 Rc8 27. Nd5 Nxd5 28. Rxd5 Bf8 29. Rd8 Rxd8 30. Bxd8 Be6 31. Bf6 Bd6
32. Rc6 Bb8 33. d5 1-0

[Event "Irish Championship 2009"]
[Site "Dublin IRL"]
[Date "2009.07.08"]
[Round "5"]
[White "Brady, Stephen"]
[Black "Daly, Colm"]
[Result "0-1"]
[WhiteTitle "FM"]
[BlackTitle "FM"]
[WhiteElo "2384"]
[BlackElo "2308"]
[WhiteICU "2363"]
[BlackICU "2264"]
[WhiteClub "Phibsboro"]
[BlackClub "Bray/Greystones"]
[WhiteNationality "IRL"]
[BlackNationality "IRL"]
[WhiteFideId "2500124"]
[BlackFideId "2500434"]
[PlyCount "80"]
[EventDate "2009.07.04"]

{ Event information: <a
href="https://www.irlchess.com/irlch2009_allfiles/pairings_irlch2009.html">Tournament
report</a>. }

1. e4 e6 2. d3 d5 3. Qe2 c5 4. Nf3 Nc6 5. g3 d4 6. Bg2 e5 7. O-O Bg4 8. h3
Bxf3 9. Bxf3 Nf6 10. Bg2 h5 11. f4 h4 12. g4 Be7 13. Na3 Nd7 14. Nc4 b5 15.
Nxe5 Ncxe5 16. fxe5 Nxe5 17. a4 b4 18. Bf4 Bd6 19. c3 Rb8 20. cxd4 cxd4 21.
Rac1 Qe7 22. b3 O-O 23. Qd2 Ng6 24. Bxd6 Qxd6 25. Qf2 Ne5 26. Qxh4 Nxd3 27.
Rcd1 Ne5 28. Rf5 d3 29. Rh5 Qd4+ 30. Kh2 Ng6 31. Qg3 Rbd8 32. Rd2 Rfe8 33.
Bf1 Ne5 34. Rf5 Qc3 35. Qf4 Nf3+ 36. Qxf3 Qxd2+ 37. Kg3 Qe1+ 38. Kg2 Qxe4
39. Rxf7 Qxf3+ 40. Rxf3 d2 0-1

[Event "Irish Championship 2009"]
[Site "Dublin IRL"]
[Date "2009.07.09"]
[Round "6"]
[White "Benson, Oisin P."]
[Black "Fairbairn, Stephen"]
[Result "1-0"]
[WhiteElo "1967"]
[BlackElo "2073"]
[WhiteICU "1999"]
[WhiteClub "St. Benildus"]
[WhiteNationality "IRL"]
[BlackNationality "CAN"]
[WhiteFideId "2501821"]
[BlackFideId "2603985"]
[PlyCount "81"]
[EventDate "2009.07.04"]
[WhiteFullName "Benson, Ois&iacute;n P."]

{ Event information: <a
href="https://www.irlchess.com/irlch2009_allfiles/pairings_irlch2009.html">Tournament
report</a>. }

1. d4 g6 2. c4 d6 3. Nf3 Bg7 4. Nc3 Nc6 5. Bf4 e5 6. dxe5 Nxe5 7. Nxe5 dxe5
8. Qxd8+ Kxd8 9. O-O-O+ Ke7 10. Nd5+ Kf8 11. Be3 b6 12. Nxc7 Rb8 13. c5 Bf5
14. Nd5 Rc8 15. Nc3 bxc5 16. Rd5 Bh6 17. Bxh6+ Nxh6 18. e4 Be6 19. Ba6 Bxd5
20. Bxc8 Bc6 21. f3 Ke7 22. Ba6 Rd8 23. Rd1 Rxd1+ 24. Kxd1 f5 25. Bd3 f4
26. Bb5 Bb7 27. Kc2 Nf7 28. Kb3 Nd6 29. Ka4 g5 30. Ka5 Kd8 31. Na4 Nxb5 32.
Kxb5 g4 33. Nxc5 Bc8 34. Nd3 gxf3 35. gxf3 Bh3 36. Nxe5 Kc7 37. Kc5 Bg2 38.
h4 a6 39. Kd5 Bh3 40. Nd3 Bg2 41. Ne1 1-0

[Event "Irish Championship 2009"]
[Site "Dublin IRL"]
[Date "2009.07.09"]
[Round "6"]
[White "Cafolla, Peter"]
[Black "O'Leary, Matt"]
[Result "1-0"]
[WhiteElo "2046"]
[BlackElo "2053"]
[WhiteICU "2036"]
[WhiteClub "Rathmines"]
[WhiteNationality "IRL"]
[BlackNationality "IRL"]
[WhiteFideId "2500884"]
[BlackFideId "2501970"]
[PlyCount "89"]
[EventDate "2009.07.04"]

{ Annotator: Peter Cafolla, <a href="https://www.icu.ie/games/29422">ICU
games archive, game 29422</a>. } { Event information: <a
href="https://www.irlchess.com/irlch2009_allfiles/pairings_irlch2009.html">Tournament
report</a>. }

1. e4 c5 2. Nc3 g6 3. g3 Bg7 4. Bg2 Nc6 5. d3 d6 6. Nh3 Nf6 7. f4 Bg4 8.
Qd2 Nd4 9. Ng1 e5 10. h3 Be6 11. Nce2 O-O 12. c3 Nc6 13. Nf3 exf4 14. Nxf4
Bd7 15. g4 Ne5 16. g5 Ne8 17. Nd5 Be6 18. Qe2 Bxd5 19. exd5 f5 20. h4 Nc7
21. Nxe5 Bxe5 22. Qf3 Qe7 23. Kf2 Rae8 24. Bd2 Qg7 25. a4 b5 26. axb5 Nxb5
27. Ra5 Rb8 28. h5 f4 29. Bh3 Nc7 30. Bc1 Rb7 31. hxg6 hxg6 32. Qe4 Rfb8
33. Ra2 Kf7 34. b4 cxb4 35. d4 Nb5 36. dxe5 Nxc3 37. Qxf4+ Ke8 38. Qc4 Nxa2
39. Qxa2 Qxe5 40. Be6 b3 41. Qb1 Qg7 42. Bb2 Qf8+ 43. Bf6 Rg7 44. Qe4 b2
45. Qa4+ 1-0

[Event "Irish Championship 2009"]
[Site "Dublin IRL"]
[Date "2009.07.09"]
[Round "6"]
[White "Fitzsimons, David"]
[Black "Brady, Stephen"]
[Result "1-0"]
[BlackTitle "FM"]
[WhiteElo "2167"]
[BlackElo "2384"]
[WhiteICU "2183"]
[BlackICU "2363"]
[WhiteClub "Elm Mount"]
[BlackClub "Phibsboro"]
[WhiteNationality "IRL"]
[BlackNationality "IRL"]
[WhiteFideId "2501961"]
[BlackFideId "2500124"]
[PlyCount "73"]
[EventDate "2009.07.04"]

{ Event information: <a
href="https://www.irlchess.com/irlch2009_allfiles/pairings_irlch2009.html">Tournament
report</a>. }

1. e4 e6 2. d4 d5 3. Nd2 Nf6 4. e5 Nfd7 5. c3 c5 6. Bd3 Nc6 7. Ndf3 cxd4 8.
cxd4 f6 9. exf6 Nxf6 10. Nh3 Bd6 11. O-O O-O 12. Re1 h6 13. Nf4 Bxf4 14.
Bxf4 Nh5 15. Be3 Bd7 16. Rc1 Be8 17. Bb1 Qe7 18. Qc2 g5 19. Ne5 Qg7 20.
Nxc6 Bxc6 21. Qe2 Nf6 22. Bd2 Rae8 23. Bb4 Rf7 24. Bd6 h5 25. Be5 Qh6 26.
Qd3 Rg7 27. Re3 g4 28. Rce1 h4 29. Qe2 Kf7 30. h3 Rgg8 31. hxg4 Nxg4 32.
Rf3+ Ke7 33. Bf4 Qg7 34. Qxe6+ Kd8 35. Qd6+ Qd7 36. Qb8+ Qc8 37. Bc7+ 1-0

[Event "Irish Championship 2009"]
[Site "Dublin IRL"]
[Date "2009.07.09"]
[Round "6"]
[White "Fox, Anthony"]
[Black "Delaney, John"]
[Result "1/2-1/2"]
[BlackTitle "FM"]
[WhiteElo "2086"]
[BlackElo "2227"]
[WhiteICU "2096"]
[BlackICU "2236"]
[WhiteClub "Dun Laoghaire"]
[BlackClub "Rathmines"]
[WhiteNationality "IRL"]
[BlackNationality "IRL"]
[WhiteFideId "2500736"]
[BlackFideId "2500060"]
[PlyCount "112"]
[EventDate "2009.07.04"]

{ Event information: <a
href="https://www.irlchess.com/irlch2009_allfiles/pairings_irlch2009.html">Tournament
report</a>. }

1. e4 e6 2. Nc3 d5 3. Nf3 dxe4 4. Nxe4 Nd7 5. d4 Ngf6 6. Nxf6+ gxf6 7. Bd3
c5 8. c3 a6 9. Qe2 Be7 10. O-O Qc7 11. Re1 Nb6 12. dxc5 Bxc5 13. c4 Bd7 14.
Bd2 Bc6 15. b4 Be7 16. Rac1 Nd7 17. Nd4 Ne5 18. Nxc6 Nxd3 19. Qxd3 Qxc6 20.
Qe4 Qxe4 21. Rxe4 O-O-O 22. Bc3 Rd3 23. Kf1 f5 24. Rd4 Rxd4 25. Bxd4 Rg8
26. a3 Kc7 27. g3 Kc6 28. Ke2 h5 29. Kd3 Bd6 30. f4 h4 31. Bf2 hxg3 32.
hxg3 Rh8 33. Ke2 Be7 34. Rb1 b5 35. Rc1 Kb7 36. Rd1 Rc8 37. c5 Kc6 38. Rh1
Bf6 39. Rd1 Be7 40. Rd3 Rh8 41. Rd1 Ra8 42. Rd3 a5 43. Be1 axb4 44. axb4
Ra7 45. Ke3 Ra4 46. Ke2 Ra2+ 47. Bd2 Rc2 48. Kd1 Rc4 49. Ra3 Bf6 50. Ra6+
Kd5 51. Rb6 Bc3 52. Bxc3 Rxc3 53. Rxb5 Rxg3 54. Rb7 Rf3 55. Rxf7 Rxf4 56.
Rd7+ Kc6 1/2-1/2

[Event "Irish Championship 2009"]
[Site "Dublin IRL"]
[Date "2009.07.09"]
[Round "6"]
[White "Hegarty, Sarah N."]
[Black "Loughran, John"]
[Result "1-0"]
[WhiteElo "2098"]
[BlackElo "1939"]
[BlackICU "1675"]
[BlackClub "Elm Mount"]
[WhiteNationality "ENG"]
[BlackNationality "IRL"]
[WhiteFideId "2501465"]
[BlackFideId "2501562"]
[PlyCount "79"]
[EventDate "2009.07.04"]

{ Annotator: anon., <a href="https://icu.ie/games/29497">ICU games archive,
game 29497</a>. } { Event information: <a
href="https://www.irlchess.com/irlch2009_allfiles/pairings_irlch2009.html">Tournament
report</a>. }

1. e4 e5 2. Bc4 Nf6 3. d3 Bc5 4. Nf3 d6 5. O-O Nc6 6. c3 Bg4 7. Nbd2 a6 8.
a4 O-O 9. Re1 Na5 10. Ba2 Nc6 11. h3 Be6 12. Bb1 Nd7 13. Nf1 Qf6 14. d4
exd4 15. Ng3 Nde5 16. Nxd4 Nxd4 17. cxd4 Bxd4 18. Nf5 Bxb2 19. Bxb2 Nf3+
20. Qxf3 Qxb2 21. Bd3 Qf6 22. Rab1 b6 23. Rec1 Rfc8 24. Qe2 g6 25. Ne3 b5
26. axb5 axb5 27. Bxb5 Ra2 28. Rc2 Rca8 29. Rxa2 Rxa2 30. Qf3 Qc3 31. Nd5
Qc5 32. Bd3 Qd4 33. Nxc7 Rd2 34. Rb8+ Kg7 35. Ne8+ Kh6 36. Qf4+ g5 37. Qxf7
Bxh3 38. gxh3 Qa1+ 39. Kg2 Qe5 40. Rb5 1-0